000 00614nam a2200205Ia 4500
003 GCL
008 140319s9999 xx 000 0 ara d
040 _aGCL /
_cGCL
082 0 4 _a823
_bن د
100 1 _aعبدالحميد فهمى الجمال
245 1 0 _aدروس التنفس /
_cعبدالحميد فهمى الجمال
700 1 _aنيلر, ان
300 _a324 صد
490 _aروايات الهلال
_v0
650 0 4 _aالادب
650 0 4 _aالادب الامريكى
650 0 4 _aالادب العالمى
650 0 4 _aالادب العالمى المترجم
942 _2ddc
_cBK
999 _c40410
_d40410